| Поле | Инд. | ПП | Название | Значение |
|---|---|---|---|---|
| Тип записи | a | |||
| Библиографический уровень | m | |||
| 001 | Контрольный номер | RU/LIBMSTU/337877981 | ||
| 005 | Дата корректировки | 20161206125959.2 | ||
| 008 | Кодируемые данные | 100915|||||||||ru |||||||||||000|||rus|| | ||
| 020 | 00 | a | ISBN | 978-5-86185-531-0 (ч. 1) |
| 020 | a | ISBN | 978-5-86185-530-3 | |
| c | Цена, тираж | 303-37 | ||
| 041 | 0_ | a | Код языка текста | rus |
| 084 | a | Индекс другой классификации/Индекс ББК | 36.94я7+36.94-1 | |
| 090 | a | Полочн. индекс | 36.94 | |
| x | Авторский знак | О-35 | ||
| 100 | 10 | a | Автор | Овчинникова С. И. |
| 245 | 00 | a | Заглавие | Практикум по биохимии. Ч. 1. Качественный и количественный анализ аминокислот, белков, ферментов |
| b | Продолж. заглавия | учеб. пособие для вузов | ||
| c | Ответственность | Федер. агентство по рыболовству, ФГОУ ВПО "Мурман. гос. техн. ун-т" | ||
| 250 | a | Основные сведения об издании | Изд. 2-е | |
| 260 | 00 | a | Место издания | Мурманск |
| b | Издательство | Изд-во МГТУ | ||
| c | Дата издания | 2010 | ||
| 300 | 00 | a | Объем | 114 с. |
| b | Иллюстрации/ тип воспроизводства | ил. | ||
| 504 | a | Библиография | Библиогр.: с. 112 | |
| 583 | x | Служебное примечание | Технология продуктов питания. ВПО | |
| x | Служебное примечание | Технология рыбы и рыбных продуктов. ВПО | ||
| 650 | _4 | a | Основная рубрика | Биохимия-Учебные издания для высших учебных заведений |
| 650 | 04 | a | Основная рубрика | Рыба и рыбные продукты-Химический состав-Учебные издания для высших учебных заведений |
| 653 | 00 | a | Ключевые слова | Азот |
| a | Ключевые слова | Аминокислоты | ||
| a | Ключевые слова | Белки | ||
| a | Ключевые слова | Липаза | ||
| a | Ключевые слова | Пепсин | ||
| a | Ключевые слова | Титрование | ||
| a | Ключевые слова | Ферменты | ||
| 710 | 12 | a | Организация/ юрисдикция | Мурманский государственный технический университет |
| 901 | t | Тип документа | m | |
| 952 | b | Гриф литературы для ВШ | Утверждено Президиумом науч.-метод. совета по высш. биол. образованию | |
| c | Вид литературы | учебное пособие |